|
|
|
|
| LEADER |
00000nam#a22000001a#4500 |
| 001 |
00027904 |
| 003 |
AR-BaUAD |
| 005 |
20230908142002.0 |
| 008 |
991027s1998####sz#o|||##||||||||#||eng|d |
| 020 |
|
|
|a 3764358610
|
| 040 |
|
|
|a AR-BaUAD
|b spa
|c AR-BaUAD
|
| 041 |
|
|
|a eng
|
| 044 |
|
|
|c ch
|2 ISO3166-1
|
| 100 |
1 |
|
|a Daniels, Klaus
|
| 245 |
1 |
0 |
|a Low tech, light tech, high tech :
|b buildings in the information age /
|c Klaus Daniels ; english translation by Elizabeth Schwaiger
|
| 260 |
|
|
|a Basel :
|b Birkhäuser,
|c 1998
|
| 300 |
|
|
|a 238 p. :
|b axonom., detalles constructivos, fot., plantas
|
| 504 |
|
|
|a Bibliografía: p. 230.
|
| 500 |
|
|
|a Indice de las ilustraciones: p. 231.
|
| 500 |
|
|
|a Indice: p. 232-233.
|
| 653 |
|
|
|a ARQUITECTURA CONTEMPORANEA
|
| 653 |
|
|
|a HIGH TECH
|
| 653 |
|
|
|a TECNOLOGIA
|
| 653 |
|
|
|a REALIDAD VIRTUAL
|
| 655 |
|
|
|a TEXTO
|
| 852 |
|
|
|c 31-2
|
| 952 |
|
|
|0 0
|1 0
|4 0
|6 312
|7 0
|9 35962
|a AR-BaUAD
|b AR-BaUAD
|d 0000-00-00
|e donac. Secret. Académica FADU.UBA.
|g 60.00
|i 27904
|l 0
|o 31-2
|p ksu0p27904
|r 2023-09-08 14:20:02
|w 2023-09-08
|y BK
|
| 990 |
|
|
|a Ej. No1 : 27904 . 5/10/1999 -- donac. Secret. Académica FADU.UBA. -- (60 pesos).
|b ADM
|
| 990 |
|
|
|a AQ199
|b TD
|
| 990 |
|
|
|a AAQ00027904
|b CC
|
| 998 |
|
|
|a AAQ
|b Bibun 76
|
| 942 |
|
|
|c BK
|
| 999 |
|
|
|c 17816
|d 17816
|